000
00381nam a2200169Ia 4500
001
7794
003
GE_BSU
008
181216s||||||||xx |||||||||||||| ||und||
040
_c
GE_BSU
245
_a
Врач. №8.2013.
245
_c
Гл.ред. И.Н. Денисов
260
_a
Москва
260
_c
2013
300
_a
88ст;29см.
653
_a
Врач
942
_c
CR
999
_c
41144
_d
41144